El anglicismo en el habla costarricense

Đã lưu trong:
Chi tiết về thư mục
Tác giả chính: Zuñiga Tristán, Virginia
Định dạng: Sách
Ngôn ngữ:Undetermined
Được phát hành: San José, Costa Rica Editorial Costa Rica 1976
Những chủ đề:
Các nhãn: Thêm thẻ
Không có thẻ, Là người đầu tiên thẻ bản ghi này!

MARC

LEADER 00000nam a2200000Ia 4500
008 170316s9999 xx 000 0 und d
090 |a 410 Z-3a 
100 |a Zuñiga Tristán, Virginia 
245 |a El anglicismo en el habla costarricense 
260 |a San José, Costa Rica 
260 |b Editorial Costa Rica 
260 |c 1976 
300 |a 175 páginas 
650 |a LINGÜÍSTICA 
650 |a ANGLICISMO - COSTA RICA 
999 |c 18841  |d 18841 
040 |a cru BVZT 
942 |c 15 D  |h 410 Z-3a  |2 z